Logo BPK

Biblioteka

Politechniki Koszalińskiej

Es sind wunderliche Dinger, meine Briefe : (Rekord nr 50627)

Szczegóły MARC
000 -ETYKIETA REKORDU
podpole kontrolne o stałej długości 00787nam a2200253 i 4500
001 - NUMER KONTROLNY REKORDU
pole kontrolne bgj
020 ## - MIĘDZYNARODOWY ZNORMALIZOWANY NUMER KSIĄŻKI - ISBN
ISBN 340607880X
040 ## - ŹRÓDŁO KATALOGOWANIA
Instytucja, która utworzyła rekord BPK
041 0# - KOD JĘZYKA
Kod języka tekstu ger
044 ## - KOD KRAJU WYDAWCY/PRODUCENTA
Kod kraju wydawcy/producenta DEU
080 ## - UNIWERSALNA KLASYFIKACJA DZIESIĘTNA - UKD
UKD 821.112.2
920 ## - Międzynarodowy znormalizowany numer książki – ISBN
ISBN 3-406-07880-X
008 - POLE O STAŁEJ DŁUGOŚCI - DANE KONTROLNE
podpole kontrolne o stałej długości s gw f |000 0 ger
245 10 - TYTUŁ/ODPOWIEDZIALNOŚĆ
Tytuł Es sind wunderliche Dinger, meine Briefe :
Ciąg dalszy tytułu Meta Klopstocks Briefwechsel mit Friedrich Gottlieb Klopstock und mit ihren Freunden ; 1751-1758 /
Pozostałe elementy strefy tytułu i oznaczenia odpowiedzialności hrsg. von Franziska und Hermann Tiemann.
260 ## - STREFA ADRESU WYDAWNICZEGO
Miejsce wydania München :
Nazwa wydawcy/dystrybutora Verlag C. H. Beck,
Data publikacji, dystrybucji/powstania dokumentu 1980.
300 ## - STREFA OPISU FIZYCZNEGO
Objętość 507 s. ;
Rozmiary 21 cm.
490 1# - STREFA SERII I DOKUMENTU WIELOCZĘŚCIOWEGO - FORMA NIE DO WYSZUKIWANIA
Tytuł i oznaczenie odpowiedzialności serii Beck'sche Sonderausgaben
504 ## - UWAGA DOTYCZĄCA BIBLIOGRAFII
Informacje o bibliografii Indeks.
650 9# - HASŁO PRZEDMIOTOWE W FORMIE NAZWY OGÓLNEJ LUB JEDNOSTKOWEJ
Nazwa ogólna lub geograficzna Literatura niemiecka
700 1# - HASŁO DODATKOWE - NAZWA OSOBOWA
Nazwa osobowa TIEMANN, Franziska.
700 1# - HASŁO DODATKOWE - NAZWA OSOBOWA
Nazwa osobowa TIEMANN, Hermann.
830 ## - HASŁO DODATKOWE SERII LUB DOKUMENTU WIELOCZĘŚCIOWEGO - TYTUŁ UJEDNOLICONY
Tytuł ujednolicony Beck'sche Sonderausgaben
942 ## - DODATKOWE ELEMENTY (KOHA)
Typ dokumentu Książka
Egzemplarze
Wycofany Status egzemplarza Uszkodzony Dostępność Lokalizacja stała Lokalizacja bieżąca Miejsce przechowywania Sygnatura Kod kreskowy Typ dokumentu
      Tylko na miejscu Biblioteka Politechniki Koszalińskiej Biblioteka Politechniki Koszalińskiej Czytelnia Wydziałowa ul. Kwiatkowskiego 6e N 654 02121475 Książka
© 2023 Biblioteka Politechniki Koszalińskiej :: KOHA